00948nam a2200277 i 4500001001000000003000900010005001700019007000300036008004100039040003000080041000800110082001900118100003400137245005900171264005100230300004500281336002700326337003300353338002800386504006200414590002600476910000700502942001400509952013200523999001500655000009021DO-SdBNP20251127093554.0ta090923s1973 dr a 000 0 spa d aDO-SdBNPbspacBNPHUerda aspa axxxbC334p2221 aCasado, Lucianoeautor92365610aPrincipios de economía política /cLuciano Casado. aSanto Domingo :bTaller de impresiones,c1973. a214 páginas :bilustraciones ;c23 cm. ardacontentbtexto2txt ardamediabsin mediación2n ardacarrierbvolumen2nc aIncluye referencias bibliográficas (páginas 213-214) aInventariado, 2025/DG aDG 2ddccLBS1 00102ddc51708PDaBNPHUbBNPHUcCTd2009-09-23l0oBNPHU PD C334pp9021-10r2020-06-25w2020-06-25yLBS1ZPréstamo en sala c8785d8785